00770nam a2200277 a 4500001001300000003000900013005001700022008004100039020001000080082001500090100002100105245003600126260003300162300000800195500003500203505001000238650002700248650002900275650002400304650002000328700002100348902000800369942000700377952009500384999001300479nice12345678IN_TiNIC20260116011305.0050524s1947 beia grp 000 0 eng  ac10000a017.2bAME aAmerican Press,  aCatalogue of the American Press aBeirutbAmerican Pressc1947 a73p aincludes index and biblioraphy2 aIndex aLebanon-American Press aAmerican Press-Catalogue aPublications-Arabic aCatalogue-Books1 aAmerican Press,  bRHR cBK 00104070aHMIbHMId2007-03-15g100.00l0o017.2 AMEp1997r2007-03-15w2026-01-16yARB c219d219